<?xml version="1.0" encoding="UTF-8"?><?xml-stylesheet type="text/xsl" href="static/style.xsl"?><OAI-PMH xmlns="http://www.openarchives.org/OAI/2.0/" xmlns:xsi="http://www.w3.org/2001/XMLSchema-instance" xsi:schemaLocation="http://www.openarchives.org/OAI/2.0/ http://www.openarchives.org/OAI/2.0/OAI-PMH.xsd"><responseDate>2026-04-17T19:22:09Z</responseDate><request verb="GetRecord" identifier="oai:www.recercat.cat:20.500.12327/1675" metadataPrefix="marc">https://recercat.cat/oai/request</request><GetRecord><record><header><identifier>oai:recercat.cat:20.500.12327/1675</identifier><datestamp>2025-10-22T11:23:29Z</datestamp><setSpec>com_2072_4428</setSpec><setSpec>com_2072_4427</setSpec><setSpec>col_2072_487898</setSpec></header><metadata><record xmlns="http://www.loc.gov/MARC21/slim" xmlns:dcterms="http://purl.org/dc/terms/" xmlns:xsi="http://www.w3.org/2001/XMLSchema-instance" xmlns:doc="http://www.lyncode.com/xoai" xsi:schemaLocation="http://www.loc.gov/MARC21/slim http://www.loc.gov/standards/marcxml/schema/MARC21slim.xsd">
   <leader>00925njm 22002777a 4500</leader>
   <datafield ind2=" " ind1=" " tag="042">
      <subfield code="a">dc</subfield>
   </datafield>
   <datafield ind2=" " ind1=" " tag="720">
      <subfield code="a">Cantabella, Daniel</subfield>
      <subfield code="e">author</subfield>
   </datafield>
   <datafield ind2=" " ind1=" " tag="720">
      <subfield code="a">Dolcet-Sanjuan, Ramon</subfield>
      <subfield code="e">author</subfield>
   </datafield>
   <datafield ind2=" " ind1=" " tag="720">
      <subfield code="a">Bover-Cid, Sara</subfield>
      <subfield code="e">author</subfield>
   </datafield>
   <datafield ind2=" " ind1=" " tag="720">
      <subfield code="a">Vilanova, Laura</subfield>
      <subfield code="e">author</subfield>
   </datafield>
   <datafield ind2=" " ind1=" " tag="720">
      <subfield code="a">Torres, Rosario</subfield>
      <subfield code="e">author</subfield>
   </datafield>
   <datafield ind2=" " ind1=" " tag="720">
      <subfield code="a">Teixidó, Neus</subfield>
      <subfield code="e">author</subfield>
   </datafield>
   <datafield ind2=" " ind1=" " tag="260">
      <subfield code="c">2021-09-16</subfield>
   </datafield>
   <datafield ind2=" " ind1=" " tag="520">
      <subfield code="a">In this study, three wastes based on potato peels and pulps, tomato seeds and wheat bran were used as basis for the preparation of a cheap medium to produce the bacterium P. oryzihabitans PGP01. In flasks experiments, P. oryzihabitans PGP01 growth at 25 °C in a medium based on frozen potato peels and pulp (FPP) with tryptone as a nitrogen source resulted in the maximum production compared to the commercial TSB medium. In the scale-up to 2 L bioreactors, FPP supplemented with tryptone, molasses, NaCl and K2HPO4 allowed to reach similar biomass production than in the TSB medium. A maximum growth of 4.4 × 109 CFU mL−1 after setting the agitation and the air flux conditions at 400 rpm and 0.75 vvm. Finally, P. oryzihabitans PGP01 growing in this optimized medium conserved its biological activity showing the expected effect in root development previously reported for this microorganism.</subfield>
   </datafield>
   <datafield ind1="8" ind2=" " tag="024">
      <subfield code="a">Cantabella, Daniel, Ramon Dolcet-Sanjuan, Cristina Solsona, Laura Vilanova, Rosario Torres, and Neus Teixidó. 2021. "Optimization Of A Food Industry-Waste-Based Medium For The Production Of The Plant Growth Promoting Microorganism Pseudomonas Oryzihabitans PGP01 Based On Agro-Food Industries By-Products". Biotechnology Reports 32: e00675. doi:10.1016/j.btre.2021.e00675.</subfield>
   </datafield>
   <datafield ind1="8" ind2=" " tag="024">
      <subfield code="a">2215-017X</subfield>
   </datafield>
   <datafield ind1="8" ind2=" " tag="024">
      <subfield code="a">http://hdl.handle.net/20.500.12327/1675</subfield>
   </datafield>
   <datafield ind1="8" ind2=" " tag="024">
      <subfield code="a">https://doi.org/10.1016/j.btre.2021.e00675</subfield>
   </datafield>
   <datafield ind2="0" ind1="0" tag="245">
      <subfield code="a">Optimization of a food industry-waste-based medium for the production of the plant growth promoting microorganism Pseudomonas oryzihabitans PGP01 based on agro-food industries by-products</subfield>
   </datafield>
</record></metadata></record></GetRecord></OAI-PMH>